| 000 | 00487cam a2200193ua 4500 | ||
|---|---|---|---|
| 001 | 5882 | ||
| 005 | 20260515113941.0 | ||
| 008 | 131026n ii |||gr||||Z||||||eng | ||
| 040 | _cMAIN | ||
| 082 | _a954 | ||
| 100 | 1 |
_aKhera,P.N, _eAuthor. |
|
| 245 | 1 | 1 |
_aBritish Policy Toward Sindh _cby P.N Khera |
| 250 | _a2nd ed. | ||
| 260 |
_aDelhi: _bRanjit Printers &Publishers, _c1963. |
||
| 300 | _a101p. | ||
| 653 | _aSouth Asia India | ||
| 653 | _aBritish Policy Toward Sindh | ||
| 942 | _cBK | ||
| 999 |
_c5031 _d5031 |
||